000 00327nam a2200133 a 4500
005 20140414131914.0
008 100902s19uu xx 00 eng d
020 _a0590454366
050 _aFIC
_bH18 1998
100 _aHamilton, Virginia
245 _aCousins.
260 _aNew York :
_bScholastic ,
_c1990.
999 _c111386
_d111386